000
00301nam a22001337a 4500
008
181105b xxu||||| |||| 00| 0 eng d
020
_a
0876683472
041
_a
eng
080
_a
316
100
_a
49
101
_a
SOC
245
_a
Treatment Primitive Mental States
_c
Oeter.L G
942
_2
udc
_c
BK
999
_c
51862
_d
51862